000 00849cam a22002412 4500
001 0000021215
005 20151217154453.0
008 120207s xx 000 0 eng d
020 _a1847872890 :
040 _aKABU
_cKABU
245 1 4 _aThe Complete guide to becoming an English teacher /
_cedited byStephen Clarke, Paul Dickinson & Jo Westbrook.
250 _a2nd ed.
260 _aLondon :
_bSage,
_c2010.
300 _axx, 378 p.
650 0 _aEnglish language
_xStudy and teaching (Secondary)
_zGreat Britain.
_@0000181975
650 0 _aEnglish teachers
_xTraining of.
_zGreat Britain.
_@0000181976
700 1 _aDickinson, Paul.
_@0000181977
700 1 _aWestbrook, Jo.
_@0000181978
700 1 _aClarke, Stephen.
_@0000181979
852 1 _9p4990.40 KES
908 _a120207
950 _@1
999 _c11415
_d11415